00722nam a2200205 a 450000100100000000500170001000800410002702000150006804000250008308200180010810000340012624500760016026000290023630000200026565000300028565000310031591000370034695201160038399900170049900004240320201002040131.0131128s1997 sp 000 0 spa d a8487462359 aDO-SdBNPbspacBNPHU a863.64bM526a1 aMellizo, Carlosd1942-96951913aUn americano en Madrid :by otros amores difíciles /cCarlos Mellizo. aMadrid :bNoesis,c1997. a92 p. ;c21 cm. 4aCuentos españoles93194 4aLiteratura española9632 aValidado. Control de calidad MFF 001050718MOaGRbGRcHDd2013-11-28iLF1l0o863.64 M526ap42403-10r2020-06-25w2020-06-25y1ZNo se presta c41892d41892